[Event "DEM U10w 2023"]
[Site "Willingen GER"]
[Date "2023.06.03"]
[Round "11"]
[White "Tischlinger, Lara"]
[Black "Lu, Sheng"]
[Result "1-0"]
[Termination "normal"]
[Board "2"]
[WhiteElo "1238"]
[BlackElo "1227"]
[WhiteClock "00:17:08"]
[BlackClock "00:50:30"]
[PlyCount "129"]
[WhiteFideId "34663401"]
[BlackFideId "34628061"]
[EventCountry "GER"]
[EventRounds "11"]
[EventType "swiss"]
[EventDate "2023.05.27"]

1. e4 {[%clk 01:15:58]} {[%emt 00:00:01]} e5 {[%clk 01:15:54]} {[%emt
00:00:06]} 2. Nf3 {[%clk 01:16:22]} {[%emt 00:00:05]} Nc6 {[%clk 01:16:18]}
{[%emt 00:00:06]} 3. d4 {[%clk 01:16:49]} {[%emt 00:00:03]} exd4 {[%clk
01:16:43]} {[%emt 00:00:05]} 4. Nxd4 {[%clk 01:17:15]} {[%emt 00:00:05]} Bc5
{[%clk 01:17:07]} {[%emt 00:00:06]} 5. Nxc6 {[%clk 01:17:38]} {[%emt 00:00:06]}
Qf6 {[%clk 01:17:26]} {[%emt 00:00:11]} 6. Qf3 {[%clk 01:17:41]} {[%emt
00:00:28]} Qxf3 {[%clk 01:17:46]} {[%emt 00:00:10]} 7. gxf3 {[%clk 01:18:05]}
{[%emt 00:00:06]} dxc6 {[%clk 01:18:09]} {[%emt 00:00:08]} 8. Be3 {[%clk
01:18:23]} {[%emt 00:00:11]} Bd6 {[%clk 01:17:58]} {[%emt 00:00:42]} 9. Bc4
{[%clk 01:18:00]} {[%emt 00:00:53]} f5 {[%clk 01:17:51]} {[%emt 00:00:36]} 10.
Ke2 {[%clk 01:16:53]} {[%emt 00:01:37]} Nf6 {[%emt 00:00:40]} 11. Bd3 {[%clk
01:12:14]} {[%emt 00:04:54]} g6 {[%clk 01:14:57]} {[%emt 00:03:29]} 12. Bd4
{[%clk 01:09:21]} {[%emt 00:03:22]} fxe4 {[%clk 01:13:54]} {[%emt 00:01:33]}
13. fxe4 {[%clk 01:08:52]} {[%emt 00:01:00]} Be7 {[%clk 01:14:08]} {[%emt
00:00:15]} 14. Rg1 {[%clk 01:01:34]} {[%emt 00:07:48]} Rf8 {[%clk 01:13:58]}
{[%emt 00:00:40]} 15. Nd2 {[%clk 00:57:40]} {[%emt 00:04:25]} Nh5 {[%clk
01:11:59]} {[%emt 00:02:28]} 16. Kd1 {[%clk 00:50:33]} {[%emt 00:07:37]} c5
{[%clk 01:09:06]} {[%emt 00:03:23]} 17. Be3 {[%clk 00:48:11]} {[%emt 00:02:52]}
b6 {[%clk 01:09:09]} {[%emt 00:00:28]} 18. Bb5+ {[%clk 00:45:14]} {[%emt
00:03:27]} Kd8 {[%clk 01:08:25]} {[%emt 00:01:13]} 19. Bc6 {[%clk 00:44:42]}
{[%emt 00:01:02]} Rb8 {[%clk 01:08:35]} {[%emt 00:00:20]} 20. Nf1 {[%clk
00:42:55]} {[%emt 00:02:18]} Bb7 {[%clk 01:07:44]} {[%emt 00:01:21]} 21. Bxb7
{[%clk 00:43:05]} {[%emt 00:00:20]} Rxb7 {[%clk 01:08:07]} {[%emt 00:00:07]}
22. Ng3 {[%clk 00:42:49]} {[%emt 00:00:45]} Nf6 {[%clk 01:07:53]} {[%emt
00:00:45]} 23. f3 {[%clk 00:40:15]} {[%emt 00:03:04]} Kc8 {[%clk 01:04:29]}
{[%emt 00:03:54]} 24. Ke2 {[%clk 00:38:07]} {[%emt 00:02:39]} Rb8 {[%clk
01:02:25]} {[%emt 00:02:34]} 25. h4 {[%clk 00:33:14]} {[%emt 00:05:22]} Rg8
{[%clk 01:01:15]} {[%emt 00:01:39]} 26. Bg5 {[%clk 00:30:15]} {[%emt 00:03:29]}
Kb7 {[%clk 00:59:56]} {[%emt 00:01:50]} 27. h5 {[%clk 00:27:03]} {[%emt
00:03:41]} Rbd8 {[%clk 00:57:46]} {[%emt 00:02:41]} 28. hxg6 {[%clk 00:26:19]}
{[%emt 00:01:14]} hxg6 {[%clk 00:57:59]} {[%emt 00:00:16]} 29. Rad1 {[%clk
00:25:11]} {[%emt 00:01:39]} Rxd1 {[%clk 00:56:23]} {[%emt 00:02:06]} 30. Rxd1
{[%clk 00:25:07]} {[%emt 00:00:34]} Rg7 {[%clk 00:56:09]} {[%emt 00:00:43]} 31.
e5 {[%clk 00:23:47]} {[%emt 00:01:51]} Ne8 {[%clk 00:55:27]} {[%emt 00:01:11]}
32. Bxe7 {[%clk 00:23:26]} {[%emt 00:00:51]} Rxe7 {[%clk 00:55:45]} {[%emt
00:00:11]} 33. f4 {[%clk 00:23:40]} {[%emt 00:00:18]} g5 {[%clk 00:52:25]}
{[%emt 00:03:50]} 34. Kf3 {[%clk 00:23:46]} {[%emt 00:00:24]} Rf7 {[%clk
00:51:45]} {[%emt 00:01:09]} 35. f5 {[%clk 00:22:44]} {[%emt 00:01:32]} Ng7
{[%clk 00:51:01]} {[%emt 00:01:13]} 36. Kg4 {[%clk 00:22:29]} {[%emt 00:00:45]}
Rf8 {[%clk 00:48:04]} {[%emt 00:03:28]} 37. Kxg5 {[%clk 00:21:48]} {[%emt
00:01:11]} Kc6 {[%clk 00:47:37]} {[%emt 00:00:58]} 38. e6 {[%clk 00:21:08]}
{[%emt 00:01:10]} Ne8 {[%clk 00:46:26]} {[%emt 00:01:40]} 39. Nh5 {[%clk
00:18:43]} {[%emt 00:02:55]} Kb7 {[%clk 00:46:14]} {[%emt 00:00:43]} 40. Kg6
{[%clk 00:18:06]} {[%emt 00:01:07]} Kc8 {[%clk 00:46:10]} {[%emt 00:00:33]} 41.
f6 {[%clk 00:16:50]} {[%emt 00:01:47]} Nd6 {[%clk 00:45:31]} {[%emt 00:01:09]}
42. Kg7 {[%clk 00:14:57]} {[%emt 00:02:23]} Re8 {[%clk 00:45:09]} {[%emt
00:00:51]} 43. f7 {[%clk 00:14:02]} {[%emt 00:01:25]} Re7 {[%clk 00:45:11]}
{[%emt 00:00:28]} 44. Kg8 {[%clk 00:13:29]} {[%emt 00:01:04]} Rxe6 {[%clk
00:44:59]} {[%emt 00:00:41]} 45. f8=Q+ {[%clk 00:13:29]} {[%emt 00:00:31]} Re8
{[%clk 00:45:21]} {[%emt 00:00:07]} 46. Qxe8+ {[%clk 00:13:52]} Nxe8 {[%clk
00:45:45]} {[%emt 00:00:14]} 47. Kf7 {[%clk 00:14:06]} {[%emt 00:00:15]} Nd6+
{[%clk 00:46:08]} {[%emt 00:00:07]} 48. Ke6 {[%clk 00:14:17]} {[%emt 00:00:19]}
Kb7 {[%clk 00:45:59]} {[%emt 00:00:39]} 49. Nf4 {[%clk 00:14:37]} {[%emt
00:00:10]} Kc6 {[%clk 00:46:21]} {[%emt 00:00:08]} 50. Ng6 {[%clk 00:14:44]}
{[%emt 00:00:23]} Kb7 {[%clk 00:46:37]} {[%emt 00:00:15]} 51. Ne7 {[%clk
00:15:06]} {[%emt 00:00:09]} Kb8 {[%clk 00:46:57]} {[%emt 00:00:09]} 52. Nf5
{[%clk 00:15:20]} {[%emt 00:00:15]} Nxf5 {[%clk 00:46:56]} {[%emt 00:00:31]}
53. Kxf5 {[%clk 00:15:46]} {[%emt 00:00:04]} Kb7 {[%clk 00:47:18]} {[%emt
00:00:08]} 54. Ke5 {[%clk 00:16:12]} {[%emt 00:00:05]} Kc6 {[%clk 00:47:35]}
{[%emt 00:00:13]} 55. a4 {[%clk 00:16:18]} {[%emt 00:00:24]} Kb7 {[%clk
00:47:57]} {[%emt 00:00:08]} 56. Kd5 {[%clk 00:16:23]} {[%emt 00:00:24]} a5
{[%clk 00:48:09]} {[%emt 00:00:19]} 57. Rd2 {[%clk 00:16:12]} {[%emt 00:00:41]}
Kc8 {[%clk 00:48:18]} {[%emt 00:00:20]} 58. Kc6 {[%clk 00:16:27]} {[%emt
00:00:16]} Kb8 {[%clk 00:48:42]} {[%emt 00:00:06]} 59. Rd7 {[%clk 00:16:43]}
{[%emt 00:00:13]} Ka7 {[%clk 00:49:00]} {[%emt 00:00:12]} 60. Rxc7+ {[%clk
00:16:34]} {[%emt 00:00:39]} Ka6 {[%clk 00:49:16]} {[%emt 00:00:15]} 61. Rb7
{[%clk 00:16:39]} {[%emt 00:00:24]} c4 {[%clk 00:49:21]} {[%emt 00:00:25]} 62.
Rxb6+ {[%clk 00:16:36]} {[%emt 00:00:33]} Ka7 {[%clk 00:49:44]} {[%emt
00:00:08]} 63. Kc7 {[%clk 00:16:44]} {[%emt 00:00:22]} c3 {[%clk 00:50:05]}
{[%emt 00:00:09]} 64. bxc3 {[%clk 00:17:08]} {[%emt 00:00:06]} Ka8 {[%clk
00:50:30]} {[%emt 00:00:05]} 65. Ra6# {[%emt 00:00:12]} 1-0

[Event "DEM U10w 2023"]
[Site "Willingen GER"]
[Date "2023.06.03"]
[Round "11"]
[White "Bharathula, Akhila"]
[Black "Heidtkamp, Anna"]
[Result "0-1"]
[Termination "normal"]
[Board "3"]
[WhiteElo "1117"]
[BlackElo "1352"]
[WhiteClock "01:05:51"]
[BlackClock "00:58:03"]
[PlyCount "124"]
[WhiteFideId "34641777"]
[BlackFideId "16269012"]
[EventCountry "GER"]
[EventRounds "11"]
[EventType "swiss"]
[EventDate "2023.05.27"]

1. d4 {[%clk 01:15:59]} d5 {[%clk 01:15:56]} {[%emt 00:00:04]} 2. c4 {[%clk
01:16:22]} {[%emt 00:00:07]} e6 {[%clk 01:16:24]} {[%emt 00:00:03]} 3. Nc3
{[%clk 01:16:44]} {[%emt 00:00:08]} Nf6 {[%clk 01:16:50]} {[%emt 00:00:04]} 4.
Bf4 {[%clk 01:16:37]} {[%emt 00:00:36]} Be7 {[%clk 01:17:15]} {[%emt 00:00:05]}
5. e3 {[%clk 01:16:35]} {[%emt 00:00:32]} O-O {[%clk 01:17:37]} {[%emt
00:00:08]} 6. Nf3 {[%clk 01:16:28]} {[%emt 00:00:37]} b6 {[%clk 01:17:58]}
{[%emt 00:00:10]} 7. cxd5 {[%clk 01:16:30]} {[%emt 00:00:27]} Nxd5 {[%clk
01:18:07]} {[%emt 00:00:21]} 8. Nxd5 {[%clk 01:16:15]} {[%emt 00:00:45]} exd5
{[%clk 01:18:18]} {[%emt 00:00:20]} 9. Bd3 {[%clk 01:16:10]} {[%emt 00:00:34]}
Bg4 {[%clk 01:18:03]} {[%emt 00:00:45]} 10. Rc1 {[%clk 01:15:00]} {[%emt
00:01:39]} Bb4+ {[%clk 01:18:16]} {[%emt 00:00:18]} 11. Ke2 {[%clk 01:15:01]}
{[%emt 00:00:29]} Bd6 {[%clk 01:16:23]} {[%emt 00:02:23]} 12. Bg3 {[%clk
01:15:02]} {[%emt 00:00:29]} c5 {[%clk 01:14:12]} {[%emt 00:02:42]} 13. dxc5
{[%clk 01:14:04]} {[%emt 00:01:27]} Bxc5 {[%clk 01:13:40]} {[%emt 00:01:02]}
14. a3 {[%clk 01:13:16]} {[%emt 00:01:19]} a5 {[%clk 01:11:34]} {[%emt
00:02:36]} 15. Re1 {[%clk 01:10:32]} {[%emt 00:03:13]} Qf6 {[%clk 01:08:20]}
{[%emt 00:03:44]} 16. Rc2 {[%clk 01:09:15]} {[%emt 00:01:47]} Bxf3+ {[%clk
01:04:00]} {[%emt 00:04:50]} 17. gxf3 {[%clk 01:09:32]} {[%emt 00:00:13]} Qe6
{[%clk 01:03:46]} {[%emt 00:00:42]} 18. Qd2 {[%clk 01:07:05]} {[%emt 00:02:59]}
Nc6 {[%clk 00:59:14]} {[%emt 00:05:02]} 19. Kd1 {[%clk 01:05:12]} {[%emt
00:02:23]} Qf6 {[%clk 00:58:23]} {[%emt 00:01:21]} 20. Be2 {[%clk 01:03:27]}
{[%emt 00:02:15]} Rfd8 {[%clk 00:57:04]} {[%emt 00:01:47]} 21. Rg1 {[%clk
01:00:37]} {[%emt 00:03:22]} d4 {[%clk 00:52:26]} {[%emt 00:05:08]} 22. e4
{[%clk 01:00:35]} {[%emt 00:00:32]} d3 {[%clk 00:52:28]} {[%emt 00:00:28]} 23.
Bxd3 {[%clk 01:00:44]} {[%emt 00:00:21]} Qxf3+ {[%clk 00:52:49]} {[%emt
00:00:09]} 24. Kc1 {[%clk 01:00:45]} {[%emt 00:00:29]} Rxd3 {[%clk 00:52:57]}
{[%emt 00:00:22]} 25. Qg5 {[%clk 01:00:28]} {[%emt 00:00:46]} Be7 {[%clk
00:51:16]} {[%emt 00:02:07]} 26. Qf4 {[%clk 00:59:22]} {[%emt 00:01:41]} Qxf4+
{[%clk 00:51:30]} {[%emt 00:00:17]} 27. Bxf4 {[%clk 00:59:46]} {[%emt
00:00:06]} Nd4 {[%clk 00:50:48]} {[%emt 00:01:12]} 28. Rd2 {[%clk 00:59:44]}
{[%emt 00:00:31]} Nb3+ {[%clk 00:51:12]} {[%emt 00:00:06]} 29. Kc2 {[%clk
00:59:50]} {[%emt 00:00:24]} Rxd2+ {[%clk 00:51:28]} {[%emt 00:00:14]} 30. Bxd2
{[%clk 01:00:14]} {[%emt 00:00:07]} Nd4+ {[%clk 00:51:53]} {[%emt 00:00:04]}
31. Kd1 {[%clk 01:00:29]} {[%emt 00:00:15]} Nf3 {[%clk 00:52:12]} {[%emt
00:00:12]} 32. Rg3 {[%clk 01:00:41]} {[%emt 00:00:17]} Nxh2 {[%clk 00:52:31]}
{[%emt 00:00:11]} 33. Bh6 {[%clk 01:00:12]} {[%emt 00:01:00]} Rd8+ {[%clk
00:52:21]} {[%emt 00:00:39]} 34. Ke2 {[%clk 01:00:35]} {[%emt 00:00:08]} g6
{[%clk 00:52:40]} {[%emt 00:00:11]} 35. Rg2 {[%clk 01:00:27]} {[%emt 00:00:37]}
Bd6 {[%clk 00:52:39]} {[%emt 00:00:30]} 36. Bg5 {[%clk 01:00:21]} {[%emt
00:00:36]} Rc8 {[%clk 00:52:51]} {[%emt 00:00:19]} 37. Be3 {[%clk 01:00:06]}
{[%emt 00:00:45]} Rc2+ {[%clk 00:53:08]} {[%emt 00:00:14]} 38. Kd3 {[%emt
00:00:13]} Rxb2 {[%emt 00:00:36]} 39. Kc3 {[%clk 00:59:35]} {[%emt 00:00:12]}
Be5+ {[%clk 00:52:48]} {[%emt 00:00:49]} 40. Kc4 {[%clk 00:59:47]} {[%emt
00:00:17]} Nf3 {[%clk 00:52:08]} {[%emt 00:01:11]} 41. Rg3 {[%clk 00:59:08]}
{[%emt 00:01:10]} Bxg3 {[%clk 00:52:14]} {[%emt 00:00:24]} 42. fxg3 {[%clk
00:59:28]} {[%emt 00:00:09]} Ne5+ {[%clk 00:51:38]} {[%emt 00:01:06]} 43. Kc3
{[%clk 00:59:51]} {[%emt 00:00:08]} Ra2 {[%clk 00:51:19]} {[%emt 00:00:47]} 44.
Bxb6 {[%clk 01:00:11]} {[%emt 00:00:11]} Rxa3+ {[%clk 00:51:37]} {[%emt
00:00:12]} 45. Kb2 {[%clk 01:00:32]} {[%emt 00:00:09]} Nc4+ {[%clk 00:51:53]}
{[%emt 00:00:14]} 46. Kc2 {[%clk 01:00:51]} {[%emt 00:00:11]} Nxb6 {[%clk
00:52:20]} {[%emt 00:00:04]} 47. Kb2 {[%clk 01:01:15]} {[%emt 00:00:06]} Rxg3
{[%clk 00:52:46]} {[%emt 00:00:03]} 48. Kc2 {[%clk 01:01:37]} {[%emt 00:00:09]}
Re3 {[%clk 00:53:10]} {[%emt 00:00:05]} 49. Kd2 {[%clk 01:01:57]} {[%emt
00:00:10]} a4 {[%clk 00:53:29]} {[%emt 00:00:12]} 50. Kxe3 {[%clk 01:02:13]}
{[%emt 00:00:13]} a3 {[%clk 00:53:56]} {[%emt 00:00:04]} 51. Kd2 {[%clk
01:02:29]} {[%emt 00:00:13]} a2 {[%clk 00:54:22]} {[%emt 00:00:04]} 52. Ke2
{[%clk 01:02:39]} {[%emt 00:00:19]} a1=Q {[%clk 00:54:45]} {[%emt 00:00:07]}
53. Kd3 {[%clk 01:03:05]} {[%emt 00:00:05]} h5 {[%clk 00:55:10]} {[%emt
00:00:05]} 54. Ke3 {[%clk 01:03:32]} {[%emt 00:00:04]} h4 {[%clk 00:55:35]}
{[%emt 00:00:05]} 55. Kf2 {[%clk 01:03:58]} {[%emt 00:00:04]} h3 {[%clk
00:55:58]} {[%emt 00:00:07]} 56. e5 {[%clk 01:04:03]} {[%emt 00:00:24]} h2
{[%clk 00:56:21]} {[%emt 00:00:07]} 57. e6 {[%clk 01:04:29]} {[%emt 00:00:04]}
fxe6 {[%clk 00:56:37]} {[%emt 00:00:14]} 58. Ke3 {[%clk 01:04:49]} {[%emt
00:00:11]} h1=Q {[%clk 00:56:52]} {[%emt 00:00:13]} 59. Kd3 {[%clk 01:05:08]}
{[%emt 00:00:11]} Qhd1+ {[%clk 00:57:12]} {[%emt 00:00:11]} 60. Ke3 {[%clk
01:05:19]} {[%emt 00:00:18]} Qc3+ {[%clk 00:57:38]} {[%emt 00:00:05]} 61. Kf2
{[%clk 01:05:36]} {[%emt 00:01:04]} Qdd2+ {[%clk 00:58:03]} {[%emt 00:00:05]}
62. Kf1 {[%clk 01:05:51]} {[%emt 00:00:16]} Qcc1# {[%emt 00:01:37]} 0-1

[Event "DEM U10w 2023"]
[Site "Willingen GER"]
[Date "2023.06.03"]
[Round "11"]
[White "Berger, Jennifer"]
[Black "Kühn, Nicole"]
[Result "0-1"]
[Termination "normal"]
[Board "5"]
[WhiteElo "1137"]
[BlackElo "1048"]
[WhiteClock "00:20:30"]
[BlackClock "00:19:57"]
[PlyCount "88"]
[WhiteFideId "34630074"]
[BlackFideId "34610510"]
[EventCountry "GER"]
[EventRounds "11"]
[EventType "swiss"]
[EventDate "2023.05.27"]

1. e4 {[%clk 01:15:55]} {[%emt 00:00:05]} e5 {[%clk 01:15:25]} {[%emt
00:00:35]} 2. Nf3 {[%clk 01:15:53]} {[%emt 00:00:32]} d6 {[%clk 01:14:21]}
{[%emt 00:01:34]} 3. Bc4 {[%clk 01:14:06]} {[%emt 00:02:16]} Be7 {[%clk
01:12:52]} {[%emt 00:02:00]} 4. O-O {[%clk 01:13:41]} {[%emt 00:00:55]} Nf6
{[%clk 01:11:35]} {[%emt 00:01:48]} 5. Nc3 {[%clk 01:13:44]} {[%emt 00:00:26]}
Bg4 {[%clk 01:10:14]} {[%emt 00:01:51]} 6. d3 {[%clk 01:13:20]} {[%emt
00:00:54]} Nc6 {[%clk 01:09:08]} {[%emt 00:01:36]} 7. Be3 {[%clk 01:13:16]}
{[%emt 00:00:35]} O-O {[%clk 01:07:44]} {[%emt 00:01:53]} 8. h3 {[%clk
01:10:19]} {[%emt 00:03:27]} Bh5 {[%clk 01:05:20]} {[%emt 00:02:55]} 9. Re1
{[%clk 01:01:18]} {[%emt 00:09:30]} Nd4 {[%clk 01:02:48]} {[%emt 00:03:02]} 10.
Bxd4 {[%clk 01:01:15]} {[%emt 00:00:33]} exd4 {[%clk 01:01:58]} {[%emt
00:01:20]} 11. Nd5 {[%clk 01:01:28]} {[%emt 00:00:17]} Nxd5 {[%emt 00:03:53]}
12. Bxd5 {[%clk 01:01:37]} {[%emt 00:00:18]} c6 {[%clk 00:58:05]} {[%emt
00:01:04]} 13. Bb3 {[%clk 00:59:45]} {[%emt 00:02:21]} Bf6 {[%clk 00:57:02]}
{[%emt 00:01:30]} 14. g4 {[%clk 00:49:28]} {[%emt 00:10:50]} Bg6 {[%clk
00:55:25]} {[%emt 00:02:08]} 15. Qd2 {[%clk 00:48:59]} {[%emt 00:00:58]} a5
{[%clk 00:55:21]} {[%emt 00:00:34]} 16. a4 {[%clk 00:48:46]} {[%emt 00:00:43]}
d5 {[%clk 00:51:59]} {[%emt 00:03:52]} 17. e5 {[%clk 00:47:19]} {[%emt
00:01:57]} Be7 {[%clk 00:48:16]} {[%emt 00:04:13]} 18. Nxd4 {[%clk 00:47:12]}
{[%emt 00:00:37]} Bc5 {[%clk 00:46:26]} {[%emt 00:02:18]} 19. Nf3 {[%clk
00:47:02]} {[%emt 00:00:42]} f5 {[%clk 00:44:59]} {[%emt 00:01:56]} 20. g5
{[%emt 00:11:03]} Be7 {[%clk 00:39:38]} 21. h4 {[%clk 00:42:13]} {[%emt
00:00:36]} Qc8 {[%clk 00:36:45]} {[%emt 00:03:23]} 22. Qf4 {[%clk 00:41:07]}
{[%emt 00:01:34]} Ra6 {[%clk 00:32:40]} {[%emt 00:04:38]} 23. Nd2 {[%clk
00:40:12]} {[%emt 00:01:25]} Rb6 {[%clk 00:32:16]} {[%emt 00:00:53]} 24. c3
{[%clk 00:40:28]} {[%emt 00:00:15]} Qd7 {[%clk 00:25:15]} {[%emt 00:07:31]} 25.
Kg2 {[%clk 00:30:52]} {[%emt 00:10:06]} Kh8 {[%clk 00:22:58]} {[%emt 00:02:47]}
26. Qe3 {[%clk 00:27:04]} {[%emt 00:04:17]} c5 {[%clk 00:20:45]} {[%emt
00:02:44]} 27. f4 {[%clk 00:26:12]} {[%emt 00:01:22]} Bh5 {[%clk 00:19:14]}
{[%emt 00:02:00]} 28. Rac1 {[%clk 00:24:27]} {[%emt 00:02:15]} Qc6 {[%clk
00:19:18]} {[%emt 00:00:25]} 29. Rb1 {[%emt 00:03:50]} d4+ {[%clk 00:19:21]}
{[%emt 00:00:10]} 30. Qe4 {[%clk 00:20:14]} {[%emt 00:03:35]} fxe4 {[%clk
00:21:58]} {[%emt 00:00:22]} 31. dxe4 {[%clk 00:19:47]} {[%emt 00:00:57]} Rxf4
{[%clk 00:21:38]} {[%emt 00:00:50]} 32. Bd5 {[%clk 00:19:13]} {[%emt 00:01:04]}
Qd7 {[%clk 00:21:03]} {[%emt 00:01:03]} 33. Rf1 {[%clk 00:18:39]} {[%emt
00:01:06]} Qg4+ {[%clk 00:20:47]} {[%emt 00:00:44]} 34. Kh1 {[%clk 00:18:44]}
{[%emt 00:00:20]} Qxh4+ {[%clk 00:20:27]} {[%emt 00:00:57]} 35. Kg1 {[%clk
00:19:10]} {[%emt 00:00:04]} Rxf1+ {[%clk 00:20:39]} {[%emt 00:00:18]} 36. Rxf1
{[%clk 00:19:27]} {[%emt 00:00:13]} Rg6 {[%clk 00:20:03]} {[%emt 00:01:06]} 37.
Rf7 {[%clk 00:19:25]} {[%emt 00:00:31]} Rxg5+ {[%clk 00:20:15]} {[%emt
00:00:18]} 38. Kf1 {[%clk 00:19:48]} {[%emt 00:00:08]} Bxf7 {[%clk 00:20:20]}
{[%emt 00:00:25]} 39. Bxf7 {[%clk 00:20:03]} {[%emt 00:00:14]} Qf4+ {[%clk
00:20:36]} {[%emt 00:00:15]} 40. Ke2 {[%clk 00:20:06]} {[%emt 00:00:25]} Qe3+
{[%clk 00:20:23]} {[%emt 00:00:46]} 41. Kd1 {[%clk 00:20:28]} {[%emt 00:00:07]}
d3 {[%clk 00:20:28]} {[%emt 00:00:25]} 42. Nf3 {[%clk 00:20:12]} {[%emt
00:00:46]} Rg2 {[%clk 00:19:41]} {[%emt 00:01:05]} 43. Bb3 {[%clk 00:20:08]}
{[%emt 00:00:47]} Qxf3+ {[%clk 00:19:57]} {[%emt 00:00:13]} 44. Ke1 {[%clk
00:20:30]} {[%emt 00:00:08]} Qe2# {[%emt 00:00:53]} 0-1

[Event "DEM U10w 2023"]
[Site "Willingen GER"]
[Date "2023.06.03"]
[Round "11"]
[White "Frydel, Helena"]
[Black "Bacakova, Klara"]
[Result "1-0"]
[Termination "normal"]
[Board "6"]
[WhiteElo "1161"]
[BlackElo "1289"]
[WhiteClock "00:16:00"]
[BlackClock "00:14:39"]
[PlyCount "97"]
[WhiteFideId "16266536"]
[BlackFideId "34605762"]
[EventCountry "GER"]
[EventRounds "11"]
[EventType "swiss"]
[EventDate "2023.05.27"]

1. d4 {[%clk 01:15:57]} {[%emt 00:00:02]} d5 {[%clk 01:15:54]} {[%emt
00:00:07]} 2. c4 {[%clk 01:16:23]} {[%emt 00:00:04]} e6 {[%clk 01:16:18]}
{[%emt 00:00:05]} 3. Nc3 {[%clk 01:16:50]} {[%emt 00:00:04]} Nf6 {[%clk
01:16:42]} {[%emt 00:00:05]} 4. cxd5 {[%clk 01:17:17]} {[%emt 00:00:03]} exd5
{[%clk 01:17:04]} {[%emt 00:00:09]} 5. Bg5 {[%clk 01:17:43]} {[%emt 00:00:04]}
Be7 {[%clk 01:17:20]} {[%emt 00:00:14]} 6. e3 {[%clk 01:17:53]} {[%emt
00:00:20]} O-O {[%clk 01:17:26]} {[%emt 00:00:24]} 7. Bd3 {[%clk 01:18:15]}
{[%emt 00:00:07]} c6 {[%clk 01:17:16]} {[%emt 00:00:40]} 8. Qc2 {[%clk
01:18:24]} {[%emt 00:00:22]} Nbd7 {[%clk 01:17:13]} {[%emt 00:00:33]} 9. Nge2
{[%clk 01:18:34]} {[%emt 00:00:20]} Re8 {[%clk 01:16:58]} {[%emt 00:00:44]} 10.
O-O {[%clk 01:18:36]} {[%emt 00:00:27]} Nf8 {[%clk 01:16:09]} {[%emt 00:01:20]}
11. h3 {[%clk 01:14:57]} {[%emt 00:04:09]} Nh5 {[%clk 01:09:08]} {[%emt
00:07:31]} 12. Bxe7 {[%clk 01:10:52]} {[%emt 00:04:34]} Qxe7 {[%clk 01:09:06]}
{[%emt 00:00:32]} 13. Nf4 {[%clk 01:08:47]} {[%emt 00:02:36]} Qg5 {[%clk
01:06:53]} {[%emt 00:02:43]} 14. Nxh5 {[%clk 01:07:49]} {[%emt 00:01:27]} Qxh5
{[%clk 01:07:03]} {[%emt 00:00:21]} 15. Ne2 {[%clk 01:05:49]} {[%emt 00:02:31]}
Rd8 {[%clk 01:03:21]} {[%emt 00:04:11]} 16. Nf4 {[%clk 01:02:46]} {[%emt
00:03:33]} Qg5 {[%clk 01:02:36]} {[%emt 00:01:15]} 17. Rae1 {[%clk 00:58:49]}
{[%emt 00:04:27]} Rd6 {[%clk 01:01:17]} {[%emt 00:01:49]} 18. Qe2 {[%clk
00:47:04]} {[%emt 00:12:15]} Rh6 {[%clk 00:59:43]} {[%emt 00:02:03]} 19. Qf3
{[%clk 00:44:15]} {[%emt 00:03:20]} Ng6 {[%clk 00:54:30]} {[%emt 00:05:43]} 20.
Bxg6 {[%clk 00:42:07]} {[%emt 00:02:38]} hxg6 {[%clk 00:54:20]} {[%emt
00:00:40]} 21. Qg3 {[%clk 00:39:06]} {[%emt 00:03:31]} Qf6 {[%clk 00:51:53]}
{[%emt 00:02:56]} 22. Rd1 {[%clk 00:34:49]} {[%emt 00:04:48]} Bd7 {[%clk
00:49:13]} {[%emt 00:03:10]} 23. f3 {[%clk 00:32:18]} {[%emt 00:03:01]} Re8
{[%clk 00:46:46]} {[%emt 00:02:56]} 24. Rde1 {[%clk 00:29:45]} {[%emt
00:03:02]} Kh7 {[%clk 00:43:41]} {[%emt 00:03:37]} 25. Kf2 {[%clk 00:27:45]}
{[%emt 00:02:29]} Rh4 {[%clk 00:35:11]} {[%emt 00:09:00]} 26. a3 {[%clk
00:20:37]} {[%emt 00:07:40]} g5 {[%clk 00:30:12]} {[%emt 00:05:27]} 27. Nd3
{[%clk 00:18:25]} {[%emt 00:02:43]} Bc8 {[%clk 00:19:51]} {[%emt 00:10:51]} 28.
Ne5 {[%clk 00:13:24]} {[%emt 00:05:32]} Qf5 {[%clk 00:18:50]} {[%emt 00:01:29]}
29. Re2 {[%clk 00:11:19]} {[%emt 00:02:36]} b6 {[%clk 00:15:02]} {[%emt
00:04:19]} 30. Rc1 {[%clk 00:08:23]} {[%emt 00:03:25]} Bb7 {[%clk 00:08:06]}
{[%emt 00:07:27]} 31. Nxc6 {[%clk 00:06:43]} {[%emt 00:02:09]} a5 {[%clk
00:07:20]} {[%emt 00:01:16]} 32. Ne5 {[%clk 00:06:39]} {[%emt 00:00:34]} Ba6
{[%clk 00:06:35]} {[%emt 00:01:16]} 33. Ree1 {[%clk 00:06:22]} {[%emt
00:00:45]} f6 {[%clk 00:06:05]} {[%emt 00:01:13]} 34. Ng4 {[%clk 00:06:20]}
{[%emt 00:00:33]} Re4 {[%clk 00:05:39]} {[%emt 00:00:55]} 35. Kg1 {[%clk
00:05:15]} {[%emt 00:01:34]} Re7 {[%clk 00:05:38]} {[%emt 00:00:31]} 36. Rc6
{[%clk 00:04:56]} {[%emt 00:00:49]} Re6 {[%clk 00:05:34]} {[%emt 00:00:35]} 37.
Rxe6 {[%clk 00:04:56]} {[%emt 00:00:30]} Qxe6 {[%clk 00:05:59]} {[%emt
00:00:05]} 38. e4 {[%clk 00:05:02]} {[%emt 00:00:23]} dxe4 {[%clk 00:06:17]}
{[%emt 00:00:12]} 39. Rxe4 {[%clk 00:05:26]} {[%emt 00:00:07]} Qb3 {[%clk
00:06:18]} {[%emt 00:00:29]} 40. Re7 {[%clk 00:04:40]} {[%emt 00:01:16]} Qd1+
{[%clk 00:05:36]} {[%emt 00:01:11]} 41. Qe1 {[%clk 00:04:12]} {[%emt 00:00:58]}
Qxd4+ {[%clk 00:05:51]} {[%emt 00:00:16]} 42. Qf2 {[%clk 00:04:15]} {[%emt
00:00:25]} Qxf2+ {[%clk 00:05:44]} {[%emt 00:00:38]} 43. Kxf2 {[%clk 00:04:39]}
{[%emt 00:00:06]} Kg8 {[%clk 00:03:29]} {[%emt 00:02:46]} 44. Re6 {[%clk
00:03:32]} {[%emt 00:01:28]} f5 {[%clk 00:01:58]} {[%emt 00:02:10]} 45. Ne5
{[%clk 00:03:21]} {[%emt 00:00:42]} Rh6 {[%clk 00:00:43]} {[%emt 00:01:43]} 46.
Re8+ {[%clk 00:01:30]} {[%emt 00:02:23]} Kh7 {[%clk 00:01:03]} {[%emt
00:00:09]} 47. Nf7 {[%clk 00:01:17]} {[%emt 00:00:43]} Rf6 {[%clk 00:14:26]}
{[%emt 00:02:07]} 48. Rh8+ {[%clk 00:16:00]} {[%emt 00:00:47]} Kg6 {[%clk
00:14:39]} {[%emt 00:00:17]} 49. Ne5# {[%emt 00:01:04]} 1-0